| 000 | 00511nmm a2200157Ia 4500 | ||
|---|---|---|---|
| 008 | 251105s9999||||xx |||||||||||||||||und|| | ||
| 020 | _a9789589808566 | ||
| 041 | _aspa | ||
| 100 | _aPachón Lucas, Carlos | ||
| 245 | 0 |
_aEmpleo y carrera administrativa : _b Entidades nacionales. Departamentos. Municipios |
|
| 264 |
_a[Bogotá, Colombia] : _bNueva Legislacion, _c2008 |
||
| 300 | _a330 páginas | ||
| 650 | _aEconomics and Business | ||
| 856 | _uhttps://public.digitaliapublishing.com/a/13621 | ||
| 942 | _cCF | ||
| 999 |
_c96708 _d96708 |
||